Sanat - "Jouluna taas lapsi olla saan" - Statistics

Yleistilastot
  • Tätä visaa on pelattu 7 kertaa
    6 viimeisimmän päivityksen jälkeen
  • Keskiarvotulos 73 / 128
Vastaustilastot
Vastaus % Oikein
100%
aamu
80%
askel
80%
Joulu
80%
joulu
80%
jouluna
80%
kuin
80%
lapsi
80%
lunta
80%
olla
80%
on
80%
saan
80%
sarastaa
80%
satoi
80%
satumaa
80%
taas
80%
talven
80%
Viime
80%
yönä
80%
aina
60%
askeleeni
60%
ehkä
60%
ei
60%
ja
60%
kevyt
60%
koko
60%
maahan
60%
mieli
60%
painan
60%
palaa
60%
valkoiseen
60%
valtakunta
60%
viisivuotiaan
60%
enkelin
40%
haikeus
40%
joka
40%
Jouluaamun
40%
jouluisen
40%
käy
40%
kuljen
40%
läpi
40%
lapsuudessakin
40%
lapsuuteen
40%
lumeen
40%
lumilinnan
40%
matkan
40%
Minä
40%
minä
40%
muistan
40%
mummolaan
40%
niinkuin
40%
odotuksen
40%
olis
40%
ollutkaan
40%
pihamaan
40%
poikki
40%
puisen
40%
pulkan
40%
punaisen
40%
rinnan
40%
samanlaisen
40%
sen
40%
silloin
40%
suksen
40%
suuren
40%
taikojaan
40%
teen
40%
tekee
40%
tullessaan
40%
uudestaan
40%
uuteen
40%
vuosia
40%
Ehtoja vastaavia visoja ei löytynyt
Tulosjakauma
Jokaisen tuloksen saaneiden osuus
Persentiili vastausten määrän mukaan
Tuloshistoriasi
Et ole pelannut tätä visaa sen viimeisimmän päivityksen jälkeen